[Event "Chess Masters Gent 2023"]
[Site "Ghent, Belgium"]
[Date "2023.07.15"]
[Round "5.3"]
[White "Laurent-Paoli, Pierre"]
[Black "Fernandez, Daniel H."]
[Result "1-0"]
[TimeControl "90'/40 + 30' + 30\"/M"]
[WhiteTitle "IM"]
[BlackTitle "GM"]
[WhiteFideId "26017962"]
[BlackFideId "5801605"]
[WhiteElo "2531"]
[BlackElo "2518"]

1. e4 {[%clk 01:30:23]} {[%emt 00:00:35]} c5 {[%clk 01:30:59]} {[%emt
00:00:02]} 2. Nf3 {[%clk 01:30:11]} {[%emt 00:00:42]} d6 {[%clk 01:31:28]}
{[%emt 00:00:02]} 3. d4 {[%clk 01:30:27]} {[%emt 00:00:13]} cxd4 {[%clk
01:31:54]} {[%emt 00:00:02]} 4. Nxd4 {[%clk 01:30:50]} {[%emt 00:00:09]} Nf6
{[%clk 01:32:20]} {[%emt 00:00:04]} 5. Nc3 {[%clk 01:31:11]} {[%emt 00:00:09]}
a6 {[%clk 01:32:49]} {[%emt 00:00:02]} 6. Be2 {[%clk 01:30:34]} {[%emt
00:01:06]} e5 {[%clk 01:33:10]} {[%emt 00:00:10]} 7. Nb3 {[%clk 01:30:53]}
{[%emt 00:00:11]} Be7 {[%clk 01:27:08]} {[%emt 00:06:32]} 8. Be3 {[%clk
01:31:08]} {[%emt 00:00:15]} Be6 {[%clk 01:27:03]} {[%emt 00:00:35]} 9. Bf3
{[%emt 00:02:34]} O-O {[%clk 01:25:18]} 10. O-O {[%clk 01:28:59]} {[%emt
00:02:48]} Ne8 {[%clk 01:18:47]} {[%emt 00:07:02]} 11. Nd5 {[%clk 01:05:18]}
{[%emt 00:24:11]} Bg5 {[%clk 01:17:50]} {[%emt 00:01:27]} 12. Bxg5 {[%clk
00:59:06]} {[%emt 00:06:42]} Qxg5 {[%clk 01:18:17]} {[%emt 00:00:02]} 13. Nb6
{[%clk 00:59:03]} {[%emt 00:00:33]} Ra7 {[%clk 01:18:46]} {[%emt 00:00:02]} 14.
Qd2 {[%clk 00:45:56]} {[%emt 00:13:36]} Qxd2 {[%clk 01:15:09]} {[%emt
00:04:07]} 15. Nxd2 {[%clk 00:46:20]} {[%emt 00:00:07]} Nd7 {[%clk 01:15:09]}
{[%emt 00:00:30]} 16. Nxd7 {[%clk 00:40:12]} {[%emt 00:06:38]} Bxd7 {[%clk
01:15:38]} {[%emt 00:00:01]} 17. Rfd1 {[%clk 00:40:27]} {[%emt 00:00:15]} b5
{[%clk 01:12:08]} {[%emt 00:04:00]} 18. c4 {[%clk 00:32:26]} {[%emt 00:08:30]}
Nf6 {[%clk 01:09:45]} {[%emt 00:02:53]} 19. Be2 {[%clk 00:25:06]} {[%emt
00:07:51]} Rc8 {[%clk 01:09:59]} {[%emt 00:00:15]} 20. f3 {[%clk 00:24:17]}
{[%emt 00:01:19]} Kf8 {[%clk 01:08:15]} {[%emt 00:02:15]} 21. b3 {[%clk
00:23:30]} {[%emt 00:01:17]} g5 {[%clk 01:08:10]} {[%emt 00:00:34]} 22. Nf1
{[%clk 00:23:33]} {[%emt 00:00:28]} Ke7 {[%clk 01:08:38]} {[%emt 00:00:02]} 23.
Ne3 {[%clk 00:23:07]} {[%emt 00:00:55]} Rb7 {[%clk 01:06:39]} {[%emt 00:02:29]}
24. Rd2 {[%clk 00:21:47]} {[%emt 00:01:50]} Be6 {[%clk 01:06:20]} {[%emt
00:00:49]} 25. Rad1 {[%clk 00:19:20]} {[%emt 00:02:58]} Rb6 {[%clk 01:06:24]}
{[%emt 00:00:26]} 26. cxb5 {[%clk 00:15:15]} {[%emt 00:04:35]} axb5 {[%clk
01:06:39]} {[%emt 00:00:15]} 27. a4 {[%clk 00:11:48]} {[%emt 00:03:58]} Rc3
{[%clk 01:06:13]} {[%emt 00:00:55]} 28. Kf2 {[%clk 00:10:04]} {[%emt 00:02:14]}
bxa4 {[%clk 00:56:31]} {[%emt 00:10:13]} 29. bxa4 {[%clk 00:10:29]} {[%emt
00:00:05]} Rbb3 {[%clk 00:56:58]} {[%emt 00:00:03]} 30. Rd3 {[%clk 00:08:41]}
{[%emt 00:02:17]} Rxd3 {[%clk 00:53:29]} {[%emt 00:03:59]} 31. Rxd3 {[%clk
00:09:09]} {[%emt 00:00:02]} Rxd3 {[%clk 00:52:59]} {[%emt 00:01:00]} 32. Bxd3
{[%clk 00:09:37]} {[%emt 00:00:03]} Kd7 {[%clk 00:53:19]} {[%emt 00:00:10]} 33.
Bb5+ {[%clk 00:08:05]} {[%emt 00:02:02]} Kc7 {[%clk 00:53:48]} {[%emt
00:00:01]} 34. a5 {[%clk 00:08:26]} {[%emt 00:00:09]} d5 {[%clk 00:53:10]}
{[%emt 00:01:08]} 35. exd5 {[%clk 00:08:29]} {[%emt 00:00:27]} Nxd5 {[%clk
00:53:38]} {[%emt 00:00:01]} 36. Bc4 {[%clk 00:05:12]} {[%emt 00:03:47]} Kc6
{[%clk 00:52:40]} {[%emt 00:01:28]} 37. Bxd5+ {[%clk 00:05:03]} {[%emt
00:00:39]} Bxd5 {[%clk 00:53:08]} {[%emt 00:00:02]} 38. Nxd5 {[%clk 00:05:27]}
{[%emt 00:00:07]} Kxd5 {[%clk 00:53:32]} {[%emt 00:00:05]} 39. g4 {[%clk
00:04:57]} {[%emt 00:00:59]} Kc5 {[%clk 00:53:59]} {[%emt 00:00:04]} 40. Ke3
{[%clk 00:05:19]} {[%emt 00:00:08]} Kb5 {[%clk 00:54:25]} {[%emt 00:00:04]} 41.
Ke4 {[%clk 00:05:45]} {[%emt 00:00:04]} Kxa5 {[%clk 00:54:51]} {[%emt
00:00:04]} 42. Kxe5 {[%clk 00:06:06]} {[%emt 00:00:09]} Kb4 {[%clk 00:55:17]}
{[%emt 00:00:05]} 43. Kf6 {[%clk 00:04:06]} {[%emt 00:02:30]} Kc4 {[%clk
00:55:45]} {[%emt 00:00:01]} 44. Kxf7 {[%clk 00:03:28]} {[%emt 00:01:08]} Kd4
{[%clk 00:56:14]} {[%emt 00:00:01]} 45. Kg7 {[%clk 00:03:50]} {[%emt 00:00:07]}
Ke3 {[%clk 00:56:35]} {[%emt 00:00:09]} 46. Kxh7 {[%clk 00:04:14]} {[%emt
00:00:06]} Kxf3 {[%clk 00:57:00]} {[%emt 00:00:05]} 47. h3 {[%clk 00:04:41]}
{[%emt 00:00:03]} 1-0

[Event "Chess Masters Gent 2023"]
[Site "Ghent, Belgium"]
[Date "2023.07.15"]
[Round "5.4"]
[White "Csonka, Balazs"]
[Black "Gormally, Daniel W."]
[Result "0-1"]
[TimeControl "90'/40 + 30' + 30\"/M"]
[WhiteTitle "IM"]
[BlackTitle "GM"]
[WhiteFideId "742910"]
[BlackFideId "406465"]
[WhiteElo "2497"]
[BlackElo "2432"]

1. e4 {[%clk 01:30:57]} {[%emt 00:00:02]} c5 {[%clk 01:30:39]} {[%emt
00:00:21]} 2. Nf3 {[%clk 01:31:20]} {[%emt 00:00:07]} d6 {[%clk 01:31:04]}
{[%emt 00:00:05]} 3. d4 {[%clk 01:31:46]} {[%emt 00:00:05]} cxd4 {[%clk
01:31:25]} {[%emt 00:00:09]} 4. Nxd4 {[%clk 01:32:12]} {[%emt 00:00:05]} Nf6
{[%clk 01:31:48]} {[%emt 00:00:05]} 5. Nc3 {[%clk 01:32:36]} {[%emt 00:00:06]}
a6 {[%clk 01:31:55]} {[%emt 00:00:23]} 6. Be3 {[%clk 01:32:53]} {[%emt
00:00:13]} e5 {[%clk 01:30:55]} {[%emt 00:01:30]} 7. Nb3 {[%clk 01:33:15]}
{[%emt 00:00:08]} Be6 {[%clk 01:30:39]} {[%emt 00:00:46]} 8. f3 {[%clk
01:33:35]} {[%emt 00:00:10]} Nbd7 {[%clk 01:29:48]} {[%emt 00:01:21]} 9. g4
{[%clk 01:33:24]} {[%emt 00:00:41]} h6 {[%clk 01:29:18]} {[%emt 00:01:00]} 10.
Qd2 {[%clk 01:32:21]} {[%emt 00:01:33]} b5 {[%clk 01:28:57]} {[%emt 00:00:51]}
11. O-O-O {[%clk 01:13:34]} {[%emt 00:19:17]} Qc7 {[%clk 01:29:22]} {[%emt
00:00:05]} 12. h4 {[%clk 00:48:39]} {[%emt 00:25:25]} Nb6 {[%clk 01:29:25]}
{[%emt 00:00:27]} 13. Kb1 {[%clk 00:45:37]} {[%emt 00:03:32]} Nfd7 {[%clk
01:23:45]} {[%emt 00:06:09]} 14. Rh2 {[%clk 00:30:23]} {[%emt 00:15:44]} Nc4
{[%clk 01:18:50]} {[%emt 00:05:25]} 15. Bxc4 {[%clk 00:30:31]} {[%emt
00:00:22]} bxc4 {[%clk 01:18:30]} {[%emt 00:00:51]} 16. Nc1 {[%clk 00:28:07]}
{[%emt 00:02:54]} Rb8 {[%clk 01:12:07]} {[%emt 00:06:53]} 17. Nd5 {[%clk
00:10:58]} {[%emt 00:17:39]} Bxd5 {[%clk 01:11:56]} {[%emt 00:00:40]} 18. Qxd5
{[%clk 00:10:03]} {[%emt 00:01:26]} Nf6 {[%clk 01:12:13]} {[%emt 00:00:12]} 19.
Qd2 {[%clk 00:10:18]} {[%emt 00:00:15]} c3 {[%clk 01:10:06]} {[%emt 00:02:37]}
20. Qd3 {[%clk 00:10:21]} {[%emt 00:00:28]} Rxb2+ {[%clk 01:09:45]} {[%emt
00:00:50]} 21. Ka1 {[%clk 00:10:50]} {[%emt 00:00:01]} Qc6 {[%clk 00:56:41]}
{[%emt 00:13:34]} 22. Rg2 {[%clk 00:07:40]} {[%emt 00:03:40]} Be7 {[%clk
00:48:02]} {[%emt 00:09:09]} 23. g5 {[%clk 00:07:42]} {[%emt 00:00:28]} O-O
{[%clk 00:44:18]} {[%emt 00:04:14]} 24. gxf6 {[%clk 00:07:15]} {[%emt
00:00:57]} Rfb8 {[%clk 00:44:07]} {[%emt 00:00:41]} 25. Rxg7+ {[%clk 00:07:35]}
{[%emt 00:00:10]} Kh8 {[%clk 00:43:14]} {[%emt 00:01:22]} 0-1

[Event "Chess Masters Gent 2023"]
[Site "Ghent, Belgium"]
[Date "2023.07.15"]
[Round "5.5"]
[White "Miedema, David"]
[Black "De Waele, Warre"]
[Result "0-1"]
[TimeControl "90'/40 + 30' + 30\"/M"]
[WhiteTitle "IM"]
[BlackTitle "FM"]
[WhiteFideId "1018477"]
[BlackFideId "241156"]
[WhiteElo "2375"]
[BlackElo "2350"]

1. d4 {[%clk 01:24:15]} {[%emt 00:06:45]} Nf6 {[%clk 01:30:14]} {[%emt
00:00:46]} 2. c4 {[%clk 01:24:41]} {[%emt 00:00:04]} e6 {[%clk 01:30:32]}
{[%emt 00:00:12]} 3. Nc3 {[%clk 01:25:06]} {[%emt 00:00:04]} Bb4 {[%clk
01:30:55]} {[%emt 00:00:07]} 4. Qc2 {[%clk 01:25:32]} {[%emt 00:00:04]} O-O
{[%clk 01:30:07]} {[%emt 00:01:18]} 5. a3 {[%clk 01:25:42]} {[%emt 00:00:21]}
Bxc3+ {[%clk 01:30:31]} {[%emt 00:00:06]} 6. Qxc3 {[%clk 01:26:09]} {[%emt
00:00:03]} d5 {[%emt 00:00:07]} 7. Bf4 b6 8. Nf3 dxc4 9. Qxc4 Ba6 10. Qxc7 Qd5
11. Qc2 Rc8 12. Qd1 Nbd7 13. g3 Bb7 14. Bg2 Qb5 15. b3 Bd5 16. a4 Qb4+ 17. Bd2
Qxb3 18. Qxb3 Bxb3 19. Ne5 Bd5 20. Bxd5 exd5 21. Nd3 a5 22. f3 Rc4 23. Be3 Re8
24. Kf2 Rc6 25. Ra3 Rec8 26. g4 Rc3 27. Rxc3 Rxc3 28. Rc1 Rxc1 29. Bxc1 h6 30.
h4 Ne8 31. Ba3 g5 32. Be7 f6 33. h5 Kf7 34. Bd8 Ng7 35. Bc7 Ne6 36. Bd6 Nxd4 37.
Nb2 Ke6 38. Bc7 Nc6 39. Nd1 d4 40. e3 Kd5 41. exd4 Nxd4 42. Nc3+ Kc6 43. Bd8 f5
44. f4 gxf4 45. gxf5 Nxf5 46. Ne2 Nc5 47. Bf6 Ne4+ {[%clk 01:30:53]} 0-1

[Event "Chess Masters Gent 2023"]
[Site "Ghent, Belgium"]
[Date "2023.07.15"]
[Round "5.6"]
[White "Van Der Stricht, Geert"]
[Black "Ruzhansky, Elias"]
[Result "1-0"]
[TimeControl "90'/40 + 30' + 30\"/M"]
[WhiteTitle "IM"]
[WhiteFideId "201324"]
[BlackFideId "472824"]
[WhiteElo "2329"]
[BlackElo "2209"]

1. d4 {[%clk 01:30:53]} {[%emt 00:00:06]} d5 {[%clk 01:30:55]} {[%emt
00:00:06]} 2. c4 {[%clk 01:31:18]} {[%emt 00:00:06]} e6 {[%clk 01:31:22]}
{[%emt 00:00:03]} 3. Nf3 {[%clk 01:31:28]} {[%emt 00:00:19]} Nf6 {[%clk
01:31:46]} {[%emt 00:00:06]} 4. g3 {[%clk 01:31:54]} {[%emt 00:00:05]} dxc4
{[%clk 01:31:54]} {[%emt 00:00:23]} 5. Bg2 {[%clk 01:32:16]} {[%emt 00:00:07]}
Bb4+ {[%clk 01:32:09]} {[%emt 00:00:15]} 6. Bd2 {[%clk 01:29:47]} {[%emt
00:02:59]} a5 {[%clk 01:32:01]} {[%emt 00:00:38]} 7. Qc2 {[%clk 01:26:56]}
{[%emt 00:03:21]} b6 {[%clk 01:31:19]} {[%emt 00:01:13]} 8. a3 {[%clk
01:16:39]} {[%emt 00:10:48]} Be7 {[%clk 01:19:52]} {[%emt 00:11:56]} 9. Ne5
{[%clk 01:13:46]} {[%emt 00:03:22]} Ra7 {[%clk 01:19:09]} {[%emt 00:01:13]} 10.
Qxc4 {[%clk 01:09:46]} {[%emt 00:04:30]} O-O {[%clk 01:17:11]} {[%emt
00:02:28]} 11. Nc3 {[%clk 01:06:25]} {[%emt 00:03:51]} Ba6 {[%clk 01:16:39]}
{[%emt 00:01:02]} 12. Qa4 {[%clk 01:06:32]} {[%emt 00:00:22]} c5 {[%clk
01:04:47]} {[%emt 00:12:23]} 13. dxc5 {[%clk 01:04:24]} {[%emt 00:02:38]} Bxc5
{[%clk 01:05:09]} {[%emt 00:00:08]} 14. Rd1 {[%clk 00:45:21]} {[%emt 00:19:33]}
Qc7 {[%clk 00:52:06]} {[%emt 00:13:33]} 15. Bf4 {[%clk 00:39:29]} {[%emt
00:06:21]} g5 {[%clk 00:48:52]} {[%emt 00:03:45]} 16. Nd7 {[%clk 00:18:15]}
{[%emt 00:21:44]} gxf4 {[%clk 00:48:33]} {[%emt 00:00:48]} 17. Nxf6+ {[%clk
00:18:37]} {[%emt 00:00:07]} Kh8 {[%clk 00:48:53]} {[%emt 00:00:11]} 18. Qe4
{[%clk 00:14:53]} {[%emt 00:04:12]} Kg7 {[%clk 00:49:11]} {[%emt 00:00:14]} 19.
Nh5+ {[%clk 00:13:52]} {[%emt 00:01:31]} Kh6 {[%clk 00:49:08]} {[%emt
00:00:34]} 20. O-O {[%clk 00:11:08]} {[%emt 00:03:13]} Bb7 {[%clk 00:46:17]}
{[%emt 00:03:21]} 21. Qxf4+ {[%clk 00:11:08]} {[%emt 00:00:30]} Qxf4 {[%clk
00:46:32]} {[%emt 00:00:15]} 22. Nxf4 {[%clk 00:11:35]} {[%emt 00:00:04]} Bxg2
{[%clk 00:46:52]} {[%emt 00:00:10]} 23. Kxg2 {[%clk 00:11:59]} {[%emt
00:00:05]} Rd7 {[%clk 00:47:05]} {[%emt 00:00:17]} 24. Rxd7 {[%clk 00:09:21]}
{[%emt 00:03:09]} Nxd7 {[%clk 00:47:26]} {[%emt 00:00:07]} 25. Rd1 {[%clk
00:09:42]} {[%emt 00:00:09]} Rd8 {[%clk 00:47:46]} {[%emt 00:00:11]} 26. e3
{[%clk 00:08:18]} {[%emt 00:01:55]} Be7 {[%clk 00:47:59]} {[%emt 00:00:17]} 27.
Ne4 {[%clk 00:07:15]} {[%emt 00:01:33]} Kg7 {[%clk 00:48:18]} {[%emt 00:00:12]}
28. Kf1 {[%clk 00:06:20]} {[%emt 00:01:25]} Ne5 {[%clk 00:46:58]} {[%emt
00:01:50]} 29. Rxd8 {[%clk 00:06:31]} {[%emt 00:00:19]} Bxd8 {[%clk 00:47:23]}
{[%emt 00:00:04]} 30. b3 {[%clk 00:05:10]} {[%emt 00:01:51]} Be7 {[%clk
00:47:40]} {[%emt 00:00:13]} 31. a4 {[%clk 00:05:19]} {[%emt 00:00:22]} Nd7
{[%clk 00:44:58]} {[%emt 00:03:12]} 32. Nd3 {[%clk 00:04:29]} {[%emt 00:01:20]}
f5 {[%clk 00:44:27]} {[%emt 00:01:01]} 33. Nd2 {[%clk 00:04:41]} {[%emt
00:00:15]} Kf6 {[%clk 00:44:09]} {[%emt 00:00:51]} 34. Ke2 {[%clk 00:04:47]}
{[%emt 00:00:23]} e5 {[%clk 00:43:58]} {[%emt 00:00:42]} 35. e4 {[%clk
00:04:53]} {[%emt 00:00:24]} Ke6 {[%clk 00:44:16]} {[%emt 00:00:13]} 36. f3
{[%clk 00:04:50]} {[%emt 00:00:31]} Nf6 {[%clk 00:44:14]} {[%emt 00:00:32]} 37.
Nc4 {[%clk 00:02:42]} {[%emt 00:02:39]} Nd7 {[%clk 00:44:30]} {[%emt 00:00:14]}
38. Ne3 {[%clk 00:01:49]} {[%emt 00:01:22]} fxe4 {[%clk 00:44:57]} {[%emt
00:00:04]} 39. fxe4 {[%clk 00:02:11]} {[%emt 00:00:07]} Bc5 {[%clk 00:45:25]}
{[%emt 00:00:03]} 40. Nf5 {[%clk 00:01:15]} {[%emt 00:01:25]} Bg1 {[%clk
00:42:25]} {[%emt 00:03:31]} 41. h3 {[%clk 00:00:49]} {[%emt 00:00:56]} Nf6
{[%clk 00:42:25]} {[%emt 00:00:30]} 42. Kf3 {[%clk 00:00:51]} {[%emt 00:00:27]}
h5 {[%clk 00:41:52]} {[%emt 00:01:03]} 43. b4 {[%clk 00:23:59]} {[%emt
00:07:23]} axb4 {[%clk 01:12:02]} {[%emt 00:00:19]} 44. Nxb4 {[%clk 00:24:24]}
{[%emt 00:00:05]} Bc5 {[%clk 01:12:20]} {[%emt 00:00:11]} 45. Nd3 {[%clk
00:23:36]} {[%emt 00:01:19]} Bf8 {[%clk 01:11:50]} {[%emt 00:00:59]} 46. Ne3
{[%clk 00:22:09]} {[%emt 00:01:57]} Bd6 {[%clk 01:11:28]} {[%emt 00:00:52]} 47.
Nc4 {[%clk 00:21:35]} {[%emt 00:01:04]} Bc7 {[%clk 01:11:53]} {[%emt 00:00:06]}
48. Ke3 {[%clk 00:17:38]} {[%emt 00:04:26]} Nh7 {[%clk 01:12:01]} {[%emt
00:00:22]} 49. Nb4 {[%clk 00:17:29]} {[%emt 00:00:40]} Kd7 {[%clk 01:12:14]}
{[%emt 00:00:16]} 50. Nd5 {[%clk 00:17:32]} {[%emt 00:00:26]} Ng5 {[%clk
01:12:30]} {[%emt 00:00:15]} 51. Ncxb6+ {[%clk 00:16:26]} {[%emt 00:01:37]} Kc6
{[%clk 01:12:40]} {[%emt 00:00:19]} 52. Nc4 {[%clk 00:15:03]} {[%emt 00:01:53]}
Bb8 {[%clk 01:13:04]} {[%emt 00:00:07]} 53. h4 {[%clk 00:11:50]} {[%emt
00:03:43]} Ne6 {[%clk 01:13:25]} {[%emt 00:00:08]} 54. Nf6 {[%clk 00:10:00]}
{[%emt 00:02:19]} Ng7 {[%clk 01:13:34]} {[%emt 00:00:21]} 55. Kf3 {[%clk
00:08:17]} {[%emt 00:02:13]} Bc7 {[%clk 01:13:53]} {[%emt 00:00:12]} 56. Ne3
{[%clk 00:07:39]} {[%emt 00:01:09]} Bd8 {[%clk 01:13:59]} {[%emt 00:00:23]} 57.
Ned5 {[%clk 00:06:57]} {[%emt 00:01:12]} Kd6 {[%clk 01:14:10]} {[%emt
00:00:19]} 58. g4 {[%clk 00:06:21]} {[%emt 00:01:07]} hxg4+ {[%clk 01:14:28]}
{[%emt 00:00:11]} 59. Kxg4 {[%clk 00:06:46]} {[%emt 00:00:05]} Ke6 {[%clk
01:14:51]} {[%emt 00:00:07]} 60. Nh7 {[%clk 00:04:52]} {[%emt 00:02:24]} Kf7
{[%clk 01:15:03]} {[%emt 00:00:18]} 61. Ng5+ {[%clk 00:04:55]} {[%emt
00:00:27]} Kg6 {[%clk 01:15:19]} {[%emt 00:00:14]} 62. Nf3 {[%clk 00:05:11]}
{[%emt 00:00:41]} 1-0

[Event "Chess Masters Gent 2023"]
[Site "Ghent, Belgium"]
[Date "2023.07.15"]
[Round "5.7"]
[White "Dauw, Sterre"]
[Black "Grooten, Herman"]
[Result "0-1"]
[TimeControl "90'/40 + 30' + 30\"/M"]
[WhiteTitle "FM"]
[BlackTitle "IM"]
[WhiteFideId "248886"]
[BlackFideId "1000330"]
[WhiteElo "2244"]
[BlackElo "2241"]

1. e4 {[%clk 01:25:22]} {[%emt 00:05:38]} c6 {[%clk 01:30:47]} {[%emt
00:00:14]} 2. d4 {[%clk 01:25:47]} {[%emt 00:00:05]} d5 {[%clk 01:31:12]}
{[%emt 00:00:06]} 3. Nc3 {[%clk 01:26:11]} {[%emt 00:00:06]} dxe4 {[%clk
01:31:35]} {[%emt 00:00:07]} 4. Nxe4 {[%clk 01:26:35]} {[%emt 00:00:05]} Bf5
{[%clk 01:31:54]} {[%emt 00:00:11]} 5. Qf3 {[%clk 01:25:05]} {[%emt 00:02:00]}
e6 {[%clk 01:30:36]} {[%emt 00:01:49]} 6. Ne2 {[%clk 01:22:48]} {[%emt
00:02:47]} Nf6 {[%clk 01:24:27]} {[%emt 00:06:39]} 7. Nxf6+ {[%clk 01:23:08]}
{[%emt 00:00:10]} gxf6 {[%clk 01:23:55]} {[%emt 00:01:03]} 8. Qb3 {[%clk
01:22:57]} {[%emt 00:00:41]} Qb6 {[%clk 01:23:38]} {[%emt 00:00:48]} 9. Qxb6
{[%clk 01:18:59]} {[%emt 00:04:28]} axb6 {[%clk 01:24:02]} {[%emt 00:00:05]} 10.
c3 {[%clk 01:16:35]} {[%emt 00:02:53]} b5 {[%clk 01:21:48]} {[%emt 00:02:45]}
11. h4 {[%clk 01:16:46]} {[%emt 00:00:18]} Nd7 {[%clk 01:20:37]} {[%emt
00:01:41]} 12. Ng3 {[%clk 01:16:29]} {[%emt 00:00:47]} Bc2 {[%clk 01:20:49]}
{[%emt 00:00:18]} 13. Bd2 {[%clk 01:11:51]} {[%emt 00:05:08]} Bb3 {[%clk
01:17:47]} {[%emt 00:03:32]} 14. Bd3 {[%clk 01:12:12]} {[%emt 00:00:09]} Rxa2
{[%clk 00:59:41]} {[%emt 00:18:36]} 15. O-O {[%clk 01:05:39]} {[%emt 00:07:04]}
Ra4 {[%clk 00:57:03]} {[%emt 00:03:08]} 16. c4 {[%clk 00:50:23]} {[%emt
00:15:46]} Bd6 {[%clk 00:44:05]} {[%emt 00:13:28]} 17. Ne4 {[%clk 00:46:31]}
{[%emt 00:04:22]} Ke7 {[%clk 00:43:44]} {[%emt 00:00:50]} 18. Nxd6 {[%clk
00:26:40]} {[%emt 00:20:22]} Kxd6 {[%clk 00:43:34]} {[%emt 00:00:40]} 19. Bf4+
{[%clk 00:23:30]} {[%emt 00:03:39]} Ke7 {[%clk 00:43:27]} {[%emt 00:00:38]} 20.
Rxa4 {[%clk 00:23:51]} {[%emt 00:00:10]} bxa4 {[%clk 00:43:19]} {[%emt
00:00:37]} 21. c5 {[%clk 00:24:15]} {[%emt 00:00:06]} b5 {[%clk 00:32:50]}
{[%emt 00:10:59]} 22. Bd6+ {[%clk 00:19:26]} {[%emt 00:05:19]} Kd8 {[%clk
00:32:51]} {[%emt 00:00:29]} 23. Be4 {[%clk 00:18:25]} {[%emt 00:01:31]} Bd5
{[%clk 00:32:44]} {[%emt 00:00:37]} 24. Bxd5 {[%clk 00:18:46]} {[%emt
00:00:07]} exd5 {[%clk 00:22:19]} {[%emt 00:10:56]} 25. Re1 {[%clk 00:18:52]}
{[%emt 00:00:25]} Rg8 {[%clk 00:22:11]} {[%emt 00:00:38]} 26. f4 {[%clk
00:02:23]} {[%emt 00:16:58]} f5 {[%clk 00:18:17]} {[%emt 00:04:24]} 27. Re7
{[%clk 00:00:58]} {[%emt 00:01:56]} Rg7 {[%clk 00:16:27]} {[%emt 00:02:21]} 28.
Kh2 {[%clk 00:01:00]} {[%emt 00:00:28]} h5 {[%clk 00:16:49]} {[%emt 00:00:08]}
29. Re1 {[%clk 00:00:55]} {[%emt 00:00:35]} Rg6 {[%clk 00:16:20]} {[%emt
00:00:58]} 30. Re7 {[%clk 00:01:17]} {[%emt 00:00:08]} Rf6 {[%clk 00:15:30]}
{[%emt 00:01:20]} 31. Kg3 {[%clk 00:00:53]} {[%emt 00:00:54]} b4 {[%emt
00:00:44]} 32. Re1 {[%clk 00:00:57]} Re6 {[%clk 00:14:46]} {[%emt 00:01:26]} 33.
Ra1 {[%clk 00:01:22]} {[%emt 00:00:05]} a3 {[%clk 00:14:19]} {[%emt 00:00:58]}
34. Kf2 {[%clk 00:01:36]} {[%emt 00:00:16]} Nf6 {[%clk 00:13:46]} {[%emt
00:01:04]} 35. bxa3 {[%clk 00:01:45]} {[%emt 00:00:21]} Ne4+ {[%clk 00:13:18]}
{[%emt 00:00:57]} 36. Kg1 {[%clk 00:02:08]} {[%emt 00:00:07]} b3 {[%clk
00:13:36]} {[%emt 00:00:12]} 37. Rb1 {[%clk 00:02:07]} {[%emt 00:00:31]} Nd2
{[%clk 00:12:50]} {[%emt 00:01:17]} 38. Rb2 {[%clk 00:02:31]} {[%emt 00:00:06]}
Re2 {[%clk 00:11:15]} {[%emt 00:02:05]} 39. Kh1 {[%clk 00:02:53]} {[%emt
00:00:08]} Kc8 {[%clk 00:10:17]} {[%emt 00:01:28]} 40. a4 {[%clk 00:03:17]}
{[%emt 00:00:06]} Kb7 {[%clk 00:10:32]} {[%emt 00:00:15]} 41. Be5 {[%clk
00:03:40]} {[%emt 00:00:07]} Ka6 {[%clk 00:10:12]} {[%emt 00:00:49]} 42. Bc7
{[%clk 00:01:01]} {[%emt 00:03:09]} Re1+ {[%clk 00:08:57]} {[%emt 00:01:45]} 43.
Kh2 {[%clk 00:01:18]} {[%emt 00:00:12]} Nf1+ {[%clk 00:08:30]} {[%emt
00:00:57]} 44. Kg1 {[%clk 00:01:39]} {[%emt 00:00:09]} Ne3+ {[%clk 00:08:27]}
{[%emt 00:00:33]} 45. Kf2 {[%clk 00:28:51]} {[%emt 00:03:18]} Nd1+ {[%clk
00:38:51]} {[%emt 00:00:06]} 46. Kxe1 {[%clk 00:29:18]} {[%emt 00:00:03]} Nxb2
{[%clk 00:39:15]} {[%emt 00:00:06]} 47. a5 {[%clk 00:29:44]} {[%emt 00:00:04]}
Nc4 {[%clk 00:39:32]} {[%emt 00:00:13]} 48. Kd1 {[%clk 00:30:05]} {[%emt
00:00:09]} Nxa5 {[%clk 00:39:49]} {[%emt 00:00:13]} 49. Kd2 {[%clk 00:30:16]}
{[%emt 00:00:19]} Nc4+ {[%clk 00:39:45]} {[%emt 00:00:34]} 50. Kc3 {[%clk
00:30:41]} {[%emt 00:00:05]} b2 {[%clk 00:40:10]} {[%emt 00:00:05]} 51. Kc2
{[%clk 00:31:07]} {[%emt 00:00:04]} Kb5 {[%clk 00:40:32]} {[%emt 00:00:08]} 0-1